| 000 | 02389cam a2200481 i 4500 | ||
|---|---|---|---|
| 001 | 17800950 | ||
| 003 | BJBSDDR | ||
| 005 | 20250828165135.0 | ||
| 007 | ta | ||
| 008 | 130703s2013 nyu b 000 0 eng | ||
| 010 | _a 2013026154 | ||
| 020 | _a9780231168564 (cloth : alk. paper) | ||
| 020 | _a023116856X (cloth : alk. paper) | ||
| 020 | _z9780231537278 (e-book) | ||
| 035 | _a17800950 | ||
| 040 |
_aDLC _beng _cDLC _erda _dDLC |
||
| 041 | _aeng | ||
| 042 | _apcc | ||
| 050 | 1 | 4 |
_aQA 76.76 _bK29s 2013 |
| 082 | 0 | 0 | _a006.3/3 |
| 100 | 1 |
_aKelly, John E. _q(John Edward), _bIII, _cIII _d1954- _943084 |
|
| 245 | 1 | 0 |
_aSmart machines : _bIBM's Watson and the era of cognitive computing / _cJohn E. Kelly III, Steve Hamm. |
| 264 | 1 |
_aNew York : _bColumbia Business School Publishing, _c2013. |
|
| 300 |
_ax, 147 pages ; _c22 cm |
||
| 336 |
_atext _2rdacontent |
||
| 337 |
_aunmediated _2rdamedia |
||
| 338 |
_avolume _2rdacarrier |
||
| 504 | _aIncludes bibliographical references (pages 141-147). | ||
| 505 | 0 | _aA new era of computing -- Building learning systems -- Handling big data -- Augmenting our senses -- Designing data-centric computers -- Inventing a new physics of computing -- Imagining the cognitive city. | |
| 520 | _aWe are entering a new frontier in the evolution of computing: the era of cognitive systems. The victory of IBM's Watson on the television quiz show Jeopardy! signaled the advent of this new era, revealing how scientists and engineers at IBM and elsewhere are pushing the boundaries of science and technology to create machines that sense, learn, reason, and interact with people in new ways. John E. Kelly III and Steve Hamm introduce the fascinating world of 'cognitive systems' to general audiences and provide a window into the future of computing. | ||
| 650 | 0 | _aExpert systems (Computer science) | |
| 650 | 4 |
_aSistemas expertos (Informática) _919643 |
|
| 650 | 0 | _aArtificial intelligence. | |
| 650 | 4 |
_aInteligencia artificial _92016 |
|
| 650 | 0 | _aSoft computing. | |
| 650 | 4 |
_aComputación flexible _944654 |
|
| 650 | 0 | _aWatson (Computer) | |
| 650 | 4 |
_aWatson (Informática) _944655 |
|
| 700 | 1 |
_aHamm, Steve _941918 |
|
| 906 |
_a7 _bcbc _corignew _d1 _eecip _f20 _gy-gencatlg |
||
| 942 |
_2lcc _cBK |
||
| 999 |
_c124085 _d124085 |
||